Taylor Swift - Chansons de folklore par durée - Statistiques

Statistiques générales
  • Ce quiz a été pris 37 fois
  • Le résultat moyen est 13 sur 14
Statistiques - réponses
Hint Réponse % Correct
4:54 min betty/exile (ft. Bon Iver)
100%
3:50 min the last great american dynasty
96%
4:21 min august
92%
3:59 min cardigan
92%
3:10 min illicit affairs
92%
4:12 min invisible string
92%
3:28 min mirrorball/seven
92%
3:54 min peace
92%
3:30 min the 1/hoax
92%
4:49 min epiphany
88%
4:15 min my tears ricochet
88%
3:57 min mad woman
85%
3:31 min the lakes
85%
3:15 min this is me trying
81%
Aucun quiz correspondant
Distribution des résultats
% des personnes avec chaque résultat
Percentile par nombre de réponses
Votre historique - résultats
Vous n’avez pas pris ce quiz